Tomorrow X Together (TXT) - Toutes les chansons - Statistiques

Statistiques générales
  • Ce quiz a été pris 36 fois
    3 depuis la dernière actualisation
  • Le résultat moyen est 100 sur 150
Statistiques - réponses
Hint Réponse % Correct
Singles 2021 0X1=LOVESONG (I Know I Love You) (feat. MOD SUN)
100%
The Chaos Chapter: FREEZE 2 0X1=LOVESONG (I Know I Love You) (feat. Seori)
100%
The Chaos Chapter: FIGHT OR ESCAPE 3 0X1=LOVESONG (I Know I Love You) (feat. Seori)
100%
Chaotic Wonderland 1 0X1=LOVESONG (I Know I Love You) - Japanese Ver.
100%
SWEET 4 0X1=LOVESONG (I Know I Love You) - Japanese Ver.
100%
The Dream Chapter: MAGIC 7 20cm
100%
STILL DREAMING 3 5時53分の空で見つけた君と僕 (Blue Hour) - Japanese Ver.
100%
The Dream Chapter: MAGIC 2 9 and Three Quarters (Run Away)
100%
The Dream Chapter: MAGIC 8 Angel or Devil
100%
STILL DREAMING 6 Angel or Devil - Japanese Ver.
100%
The Chaos Chapter: FREEZE 1 Anti-Romantic
100%
The Chaos Chapter: FIGHT OR ESCAPE 2 Anti-Romantic
100%
7TH YEAR: A Moment of Stillness in the Thorns 1 Bed of Thorns
100%
minisode 1: Blue Hour 2 Blue Hour
100%
The Dream Chapter: STAR 1 Blue Orangeade
100%
The Name Chapter: FREEFALL 8 Blue Spring
100%
The Dream Chapter: ETERNITY 2 Can't you See Me?
100%
STILL DREAMING 9 Can't You See Me? - Japanese Ver.
100%
The Dream Chapter: STAR 4 Cat & Dog
100%
The Name Chapter: FREEFALL 2 Chasing That Feeling
100%
The Name Chapter: FREEFALL 10 Chasing That Feeling (English Ver. - Digital Only)
100%
The Dream Chapter: STAR 2 CROWN
100%
STILL DREAMING 5 CROWN - Japanese Ver.
100%
The Star Chapter: SANCTUARY 3 Danger
100%
The Chaos Chapter: FREEZE 7 Dear Sputnik
100%
The Chaos Chapter: FIGHT OR ESCAPE 9 Dear Sputnik
100%
The Name Chapter: FREEFALL 5 Deep Down
100%
minisode 3: TOMORROW 3 Deja Vu
100%
minisode 3: TOMORROW 7 Deja Vu (Anemoia Remix)
100%
CHIKAI 2 Deja Vu - Japanese Ver.
100%
Starkissed 5 Deja Vu - Japanese Version
100%
The Name Chapter: TEMPTATION 1 Devil by the Window
100%
The Dream Chapter: ETERNITY 1 Drama
100%
STILL DREAMING 7 Drama - Japanese Ver.
100%
The Name Chapter: FREEFALL 4 Dreamer
100%
The Dream Chapter: ETERNITY 6 Eternally
100%
The Dream Chapter: ETERNITY 3 Fairy of Shampoo
100%
The Name Chapter: TEMPTATION 5 Farewell, Neverland
100%
minisode 1: Blue Hour 1 Ghosting
100%
minisode 2: Thursday's Child 2 Good Boy Gone Bad
100%
GOOD BOY GONE BAD 1 Good Boy Gone Bad - Japanese Ver.
100%
SWEET 8 Good Boy Gone Bad - Japanese Ver.
100%
The Star Chapter: SANCTUARY 1 Heaven
100%
The Star Chapter: SANCTUARY 6 Higher than Heaven
100%
The Chaos Chapter: FREEZE 4 Ice Cream
100%
The Chaos Chapter: FIGHT OR ESCAPE 5 Ice Cream
100%
Chaotic Wonderland 2 Ito
100%
SWEET 5 Ito
100%
The Chaos Chapter: FIGHT OR ESCAPE 1 LO$ER=LO♡ER
100%
minisode 2: Thursday's Child 4 Lonely Boy (The tattoo on my ring finger)
100%
The Chaos Chapter: FREEZE 3 Magic
100%
The Chaos Chapter: FIGHT OR ESCAPE 4 Magic
100%
Chaotic Wonderland 4 Magic
100%
SWEET 7 Magic
100%
The Dream Chapter: MAGIC 6 Magic island
100%
The Dream Chapter: ETERNITY 4 Maze in the Mirror
100%
The Chaos Chapter: FIGHT OR ESCAPE 8 MOA Diary (Dubaddu Wari Wari)
100%
Chaotic Wonderland 3 MOA Diary (Dubaddu Wari Wari) - Japanese Ver.
100%
SWEET 10 MOA Diary (Dubaddu Wari Wari) - Japanese Ver.
100%
The Dream Chapter: STAR 5 Nap of a star
100%
The Dream Chapter: MAGIC 1 New Rules
100%
minisode 2: Thursday's Child 1 Opening Sequence
100%
The Dream Chapter: STAR 3 Our Summer
100%
The Star Chapter: SANCTUARY 2 Over the Moon
100%
The Dream Chapter: ETERNITY 5 PUMA
100%
minisode 3: TOMORROW 6 Quarter Life
100%
STILL DREAMING 4 Run Away - Japanese Ver.
100%
7TH YEAR: A Moment of Stillness in the Thorns 4 So What
100%
7TH YEAR: A Moment of Stillness in the Thorns 2 Stick With You
100%
The Name Chapter: TEMPTATION 2 Sugar Rush Ride
100%
SWEET 3 Sugar Rush Ride
100%
7TH YEAR: A Moment of Stillness in the Thorns 3 Take me to Nirvana (feat. Vinida Weng)
100%
minisode 3: TOMORROW 5 The Killa (I Belong to You)
100%
The Name Chapter: TEMPTATION 4 Tinnitus (Wanna be a rock)
100%
minisode 2: Thursday's Child 3 Trust Fund Baby
100%
minisode 1: Blue Hour 5 Way Home
100%
minisode 1: Blue Hour 3 We Lost The Summer
100%
minisode 1: Blue Hour 4 Wishlist
100%
7TH YEAR: A Moment of Stillness in the Thorns 5 21st Century Romance
50%
Singles 2023 Back for More (feat. Anitta)
50%
The Name Chapter: FREEFALL 3 Back for More (TXT Ver.)
50%
The Star Chapter: TOGETHER 2 Beautiful Strangers
50%
Starkissed 3 Beautiful Strangers - Japanese Version
50%
The Star Chapter: TOGETHER 7 Bird of Night
50%
The Name Chapter: FREEFALL 9 Do It Like That
50%
7TH YEAR: A Moment of Stillness in the Thorns 6 Dream of Mine
50%
STILL DREAMING 2 Force
50%
The Chaos Chapter: FREEZE 8 Frost
50%
The Chaos Chapter: FIGHT OR ESCAPE 10 Frost
50%
The Star Chapter: TOGETHER 3 Ghost Girl
50%
The Name Chapter: FREEFALL 1 Growing Pain
50%
The Name Chapter: FREEFALL 6 Happily Ever After
50%
The Name Chapter: TEMPTATION 3 Happy Fools (feat. Coi Leray)
50%
GOOD BOY GONE BAD 3 Hitori no Yoru
50%
SWEET 9 Hitori no Yoru
50%
SWEET 2 Hydrangea Love
50%
minisode 3: TOMORROW 1 I'll See You There Tomorrow
50%
SWEET 1 Intro: FLOATING
50%
CHIKAI 3 Kitto Zutto
50%
Starkissed 8 きっとずっと (Kitto Zutto)
50%
minisode 3: TOMORROW 4 Miracle
50%
The Chaos Chapter: FREEZE 6 No Rules
50%
The Chaos Chapter: FIGHT OR ESCAPE 7 No Rules
50%
The Dream Chapter: MAGIC 4 Poppin' Star
50%
Collaborations 2022 PS5 de salem ilese (feat. Alan Walker)
50%
The Star Chapter: SANCTUARY 4 Resist (Not Gonna Run Away)
50%
GOOD BOY GONE BAD 2 Ring
50%
SWEET 6 Ring
50%
SWEET 11 Ring - Unplugged Ver.
50%
The Name Chapter: FREEFALL 7 Skipping Stones
50%
The Star Chapter: TOGETHER 8 Song of the Stars
50%
Starkissed 11 星の詩 (Song of the Stars) - Japanese Ver.
50%
Starkissed 9 Step by Step
50%
minisode 2: Thursday's Child 5 Thursday's Child Has Far To Go
50%
The Star Chapter: TOGETHER 1 Upside Down Kiss
50%
Singles 2022 Valley of Lies (feat. iann dior)
50%
CHIKAI 1 We'll Never Change
50%
Starkissed 6 ひとつの誓い (We'll Never Change)
50%
The Chaos Chapter: FREEZE 5 What if I had been that PUMA
50%
The Chaos Chapter: FIGHT OR ESCAPE 6 What if I had been that PUMA
50%
Singles 2020 Your Light pour Live On
50%
The Chaos Chapter: FIGHT OR ESCAPE 11 0X1=LOVESONG (I Know I Love You) (feat. Seori) (Emocore Mix)
0%
Collaborations 2025 butterflies de JVKE (feat. KIM CHAEWON)
0%
Starkissed 2 Can't Stop
0%
Singles 2024 Can't Stop pour BREWING LOVE Pt. 5
0%
The Dream Chapter: MAGIC 5 Can We Just Leave the Monster Alive?
0%
The Star Chapter: TOGETHER 5 Dance With You
0%
STILL DREAMING 8 Everlasting Shine
0%
Singles 2021 EYES pour Armored Saurus
0%
The Star Chapter: SANCTUARY 5 Forty One Winks
0%
Singles 2022 Free Falling pour The Star Seekers
0%
Singles 2023 Goodbye Now pour Love Revolution
0%
STILL DREAMING 1 Intro: DREAMING
0%
Starkissed 1 Intro: SPARK
0%
Singles 2025 Love Language
0%
Singles 2021 Love Sight pour Doom at Your Service Pt.2
0%
Singles 2024 Love Story pour The Reasons: Rainbow of Lee Young Ji
0%
Singles 2024 Open Always Wins
0%
SWEET 12 Outro: FALLING
0%
Starkissed 12 Outro: GLOW
0%
STILL DREAMING 10 Outro: STILL
0%
Starkissed 10 Rise
0%
The Dream Chapter: MAGIC 3 Roller Coasters
0%
Starkissed 7 SSS (Sending Secrets Signals)
0%
Singles 2026 SSS (Sending Secrets Signals) (feat. HYDE)
0%
The Star Chapter: TOGETHER 4 Sunday Driver
0%
The Star Chapter: TOGETHER 6 Take My Half
0%
minisode 3: TOMORROW 2 - --- -- --- .-. .-. --- .-- (Tomorrow)
0%
Singles 2025 When the Day Comes pour Resident Playbook Pt.9
0%
Starkissed 4 Where Do You Go?
0%
Aucun quiz correspondant
Distribution des résultats
% des personnes avec chaque résultat
Percentile par nombre de réponses
Votre historique - résultats
Vous n’avez pas pris ce quiz depuis la dernière actualisation